Potápači pracovali v trojstupňovej vode

Bibliographic Details
Main Author: (ela) (Author)
Format: Article
Language:Slovak
Subjects:

MARC

LEADER 00000nab a2200000 a 4500
001 vtls001008613
003 SK-MaSNL
005 20260303040630.0
008 040720e20010209xo 0 slo
035 |a RV9213 
040 |a RVGKPD  |b slo  |c RVGKPD  |e AACR2 
041 0 |a slo 
044 |a xo  |c SK 
080 |a 551.442  |2 1981 
100 0 |a (ela)  |4 aut  |9 855197 
245 1 0 |a Potápači pracovali v trojstupňovej vode 
500 |a informácie 
650 0 7 |a jaskyne  |2 RVGKPD  |9 20772 
650 0 7 |a výskumy  |2 RVGKPD  |9 322799 
651 7 |a Buzgó (Slovensko : jaskyňa)  |2 RVGKPD  |9 1023983 
651 7 |a Krásnohorská Dlhá Lúka (Slovensko)   |2 RVGKPD  |9 98974 
651 7 |a RV,  |2 RVGKPD  |9 1023870 
655 7 |a periodikum  |2 snkbucl  |9 29553 
773 0 8 |t Sme  |g Roč. 9, č.33, 9.2.2001, s. 4 
852 |a ZVYKNI  |b KIS3GCP 
999 |c 1683000  |d 1684930